Fr. Conceicao Rodrigues College of Engineering

Experimenter''''s guide to solid state diodes (Record no. 29708)

MARC details
000 -LEADER
fixed length control field 00337nam a2200145Ia 4500
082 ## - DEWEY DECIMAL CLASSIFICATION NUMBER
Classification number 621.3815
Item number Tra
100 ## - MAIN ENTRY--PERSONAL NAME
Personal name Traister/ Robert/ J.
245 ## - TITLE STATEMENT
Title Experimenter''''s guide to solid state diodes
260 ## - PUBLICATION, DISTRIBUTION, ETC.
Name of publisher, distributor, etc. prentice hall
Place of publication, distribution, etc. New Jersey
Date of publication, distribution, etc. 1984
300 ## - PHYSICAL DESCRIPTION
Extent 176
546 ## - LANGUAGE NOTE
Language note ENGLISH
654 ## - SUBJECT ADDED ENTRY--FACETED TOPICAL TERMS
Focus term diodes
942 ## - ADDED ENTRY ELEMENTS (KOHA)
Koha item type BOOK
Holdings
Withdrawn status Lost status Damaged status Not for loan Collection Home library Current library Date acquired Source of acquisition Cost, normal purchase price Inventory number Total Checkouts Full call number Barcode Date last seen Cost, replacement price Price effective from Koha item type
        CRC Fr. Agnel's C.Rodrigues College of Engineering Fr. Agnel's C.Rodrigues College of Engineering 17/03/2023 Progressive Books 271.15 2059 dt 21.09.92   621.3815 Tra 3858 17/03/2023 271.15 21/09/1992 BOOK